The physics of clinical MR taught through images / (Post nr. 55787)
[ visa ren ]
| 000 -LEADER | |
|---|---|
| fixed length control field | 00802nam a22002657a 4500 |
| 001 - CONTROL NUMBER | |
| control field | 14351313 |
| 003 - CONTROL NUMBER IDENTIFIER | |
| control field | LIBRIS |
| 005 - DATE AND TIME OF LATEST TRANSACTION | |
| control field | 20210203120332.0 |
| 008 - FIXED-LENGTH DATA ELEMENTS--GENERAL INFORMATION | |
| fixed length control field | 130619s2009 xxu|||| |00| ||eng c |
| 020 ## - INTERNATIONAL STANDARD BOOK NUMBER | |
| International Standard Book Number | 9781604061611 |
| 040 ## - CATALOGING SOURCE | |
| Original cataloging agency | Lmel |
| 082 04 - DEWEY DECIMAL CLASSIFICATION NUMBER | |
| Classification number | 616.07548 |
| Edition number | 23 |
| 084 ## - OTHER CLASSIFICATION NUMBER | |
| Classification number | Vea |
| Number source | kssb/8 (machine generated) |
| 100 1# - MAIN ENTRY--PERSONAL NAME | |
| Personal name | Runge, Val M. |
| 245 14 - TITLE STATEMENT | |
| Title | The physics of clinical MR taught through images / |
| Statement of responsibility, etc. | Val M. Runge, Wolfgang R. Nitz, Stuart H. Schmeets |
| 250 ## - EDITION STATEMENT | |
| Edition statement | 2. ed. |
| 260 ## - PUBLICATION, DISTRIBUTION, ETC. | |
| Place of publication, distribution, etc. | New York : |
| Name of publisher, distributor, etc. | Thieme, |
| Date of publication, distribution, etc. | 2009 |
| 300 ## - PHYSICAL DESCRIPTION | |
| Extent | 232 s. : |
| Other physical details | ill. |
| 650 #2 - SUBJECT ADDED ENTRY--TOPICAL TERM | |
| Topical term or geographic name entry element | Magnetic resonance imaging |
| 700 1# - ADDED ENTRY--PERSONAL NAME | |
| Personal name | Nitz, Wolfgang R. |
| Relationship | aut |
| 700 1# - ADDED ENTRY--PERSONAL NAME | |
| Personal name | Schmeets, Stuart H. |
| Relationship | aut |
| 942 ## - ADDED ENTRY ELEMENTS (KOHA) | |
| Source of classification or shelving scheme | Other/Generic Classification Scheme |
| Koha item type | Bok |
| Withdrawn status | Lost status | Source of classification or shelving scheme | Damaged status | Not for loan | Home library | Current library | Date acquired | Total Checkouts | Full call number | Barcode | Date last seen | Price effective from | Koha item type |
|---|---|---|---|---|---|---|---|---|---|---|---|---|---|
| Other/Generic Classification Scheme | Karlskoga Lasarettsbibliotek | Karlskoga Lasarettsbibliotek | 03/02/2021 | WN 185 | 26157003331 | 03/02/2021 | 03/02/2021 | Bok |